| 000 | 00722cam a2200181 i 4500 | ||
|---|---|---|---|
| 005 | 20251224100943.0 | ||
| 008 | 250721s2007 su gr 000 0 ara d | ||
| 082 | 1 | 4 |
_a218.51 _bس ع د |
| 100 | 1 |
_aالسعدي، عبدالرحمن بن ناصر _eمؤلف. |
|
| 245 | 1 | 2 |
_aالفواكه الشهية في الخطب المنبرية / _cتاليف عبدالرحمن بن ناصرالسعدي ؛ عبدالله بن سليمان عبدالله السلمان |
| 250 | _aالطبعه الاولى. | ||
| 264 | 3 | 1 |
_bدار نور الإيمان، _c2007. |
| 300 | _a215صفحه. | ||
| 650 | 1 | 7 | _aالخطب الدينية. |
| 650 | 1 | 7 | _aالوعظ والإرشاد. |
| 942 |
_2ddc _cBK |
||
| 999 |
_c117258 _d117258 |
||